Statistics for US States by Population-1840

Click here to take the quiz!

General Stats

  • This quiz has been taken 438 times
  • The average score is 17 of 26

Answer Stats

PopulationState% Correct
2,428,921New York
100%
1,724,033Pennsylvania
91%
1,025,227Virginia
86%
1,519,467Ohio
84%
737,699Massachusetts
80%
753,419North Carolina
77%
691,392Georgia
74%
779,828Kentucky
72%
594,398South Carolina
72%
829,210Tennessee
71%
476,183Illinois
68%
501,793Maine
65%
78,085Delaware
64%
470,019Maryland
64%
373,306New Jersey
64%
309,978Connecticut
62%
685,866Indiana
61%
291,948Vermont
59%
590,756Alabama
58%
284,574New Hampshire
57%
352,411Louisiana
52%
375,651Mississippi
52%
383,702Missouri
52%
108,830Rhode Island
52%
212,267Michigan
51%
97,574Arkansas
46%

Score Distribution

Percentile by Number Answered

Percent of People with Each Score

Your Score History

You have not taken this quiz